| 000 | 01839nam a22003017a 4500 | ||
|---|---|---|---|
| 999 |
_c21997 _d21997 |
||
| 003 | AR-CdUCM | ||
| 008 | 190425b ||||| |||| 00| 0 spa d | ||
| 040 |
_aMUNICIPALIDAD PROVINCIAL DEL CUSCO _cBIBLIOTECA MUNICIPAL DEL CUSCO |
||
| 082 | _aSaqsaywaman/N°7/2008 | ||
| 110 |
_aInstituto Nacional de Cultura Region Cusco _929198 |
||
| 245 |
_aRevista Saqsaywaman : _cInstituto Nacional de Cultura Region Cusco. |
||
| 260 |
_aCusco. _bINC, _bAmauta, _c2008. |
||
| 300 |
_a210 páginas. : _bilustraciones ; _c21 cm. |
||
| 440 |
_aRevista Saqsaywaman. _nN°7, 2008 _947103 |
||
| 500 | _aHallazgos arqueológicos en Cusco. | ||
| 505 | _aContenido: Excavaciones arqueológicas en Pikillaqta. Carlos Antonio Arriola Tuni. -- Investigaciones arqueológicas en Wat’a Huarocondo. Carlos Rosell Bocanegra. -- Arqueología en Livitaca. Domingo Farfán Acuna. -- Las Qolqas de Muyu Orqo. José Pilares Daza. -- Arqueología en el Templo de Santa Ana. Reynaldo Bustinza Espinoza. -- Huellas del Plioceno en el Cusco. Jorge Gamarra Gamio. -- Prácticas craneanas y paleopatologías en los antiguos pobladores de la Región Cusco. Elva Torres Pino. -- La arqueología y su relación con la Cultura Material. René Pilco Vargas. -- La conservación y Restauración de Bienes Arqueológicas Muebles. Susan Aráoz Warthon. -- Material cultural de contexto funerario. Tatiana Pimentel Dávila. | ||
| 650 |
_aArqueología cusqueña _99322 |
||
| 650 |
_aHistoria del Cusco _91714 |
||
| 650 |
_aInkas _91899 |
||
| 650 |
_aMonumentos históricos _96891 |
||
| 700 |
_aArriola Tuni. Carlos Antonio _947104 |
||
| 700 |
_aPilares Daza, José _947105 |
||
| 700 |
_aFarfán Acuna, Domingo _947106 |
||
| 700 |
_aPilares Daza, José _947105 |
||
| 856 |
_uhttp://bvirtual.culturacusco.gob.pe/items/show/107 _zLeer en digital |
||
| 942 |
_2ddc _cPP |
||
| 945 | _arac | ||